| 000 | 00421nam a22001697a 4500 | ||
|---|---|---|---|
| 005 | 20250620141628.0 | ||
| 008 | 250506b |||||||| |||| 00| 0 eng d | ||
| 020 | _a9788129135513 | ||
| 040 | _cSDCL | ||
| 041 | _aeng | ||
| 084 | _aO-,3NBC P8 LR | ||
| 100 | _aBhagat, Chetan | ||
| 245 | _aThree mistakes of my life | ||
| 260 |
_aNew Delhi : _bRupa Publications, _c2008. |
||
| 300 | _axx, 257p | ||
| 942 |
_2CC _cGB |
||
| 999 |
_c1311817 _d1311817 |
||